| 000 | 00741nas a2200253 4500 | ||
|---|---|---|---|
| 001 | BR0501842 | ||
| 003 | BR-BrBNA | ||
| 005 | 20231205105230.0 | ||
| 007 | ta | ||
| 008 | 230509b bl.|||p| |||| 00| 00por d | ||
| 040 |
_aBR-BrBNA _bpor _cBiblioteca Nacional de Agricultura |
||
| 041 | _a(Pt) | ||
| 072 | _aF70 | ||
| 100 | 1 | _aRosário, A.S. do | |
| 100 | 1 | _aSecc, R. de S. | |
| 100 | 1 | _aSilva, J.B.F. da | |
| 245 | 1 | _aNotas sobre Ugni Turcz. (Myrtaceae)na Amazônia brasileira | |
| 650 | _aMYRTACEAE | ||
| 650 | _aTAXONOMIA VEGETAL | ||
| 650 | _aAMAZÔNIA | ||
| 773 | 0 |
_tActa Amazônica (Brazil) _xISSN 0044-5967 _g(Jan-Mar 2004), v. 34(1) p. 139-141 _wBR0501842 |
|
| 909 |
_a202311 _bLúcia _c55 _dLúcia Elande |
||
| 942 |
_2AGRIS _n0 _cANA |
||
| 999 |
_c181898 _d181898 |
||